Ivbilaevm Vindelico-Evcharisticum, Oder Glücklich vnd Herrlich vollbrachtes Jubel-Fest /

Hlavní autor: Banholzer, Jakob, -asi 1720
Další autoři: Vesenmayr, Leonhard, 17./18. stol., Schmid, Franz Anton, činný 1682-1700, Dirrhaimer, Ulrich, 1638-1715, Lautter, Ambrosius, 17./18. stol., Ferler, Johann, -1735, Wernwag, Norbert, 17./18. stol., Hieronymus a Sancto Elia, 17./18. stol., Nattenhus, Moritz, 17./18. stol., Imhof, August, 1658-1737
Jazyk: Němčina
Latina
Vydáno: Getruckt zu München : bey Maria Magdalena Rauchin, 1699
Témata:
Fyzický popis: [16], 327 s. ; 4°
Language note: Německý text obsahuje latinské části
Knihy
Uloženo v:
LEADER 03107nam a2200481 a 4500
001 mzk03001044265
003 CZ BrMZK
005 20110603142349.0
007 ta
008 070123s1699 gw fr|||||00| ||gerod
040 |a BOA001  |b cze 
041 0 |a ger  |a lat 
072 7 |a 094  |x Staré tisky  |2 Konspekt  |9 12 
080 |a (0.068)094  |2 MRF 
100 1 |a Banholzer, Jakob,  |d -asi 1720  |7 mzk2010609815  |4 aut 
245 1 0 |a Ivbilaevm Vindelico-Evcharisticum, Oder Glücklich vnd Herrlich vollbrachtes Jubel-Fest /  |c Zu schuldigsten Ehren vnnd danckbarlicher Gedächtnuß deß allberait 500. Jahr in deß Heil. Röm. Reichs Statt Augspurg Hochlöbl. Gottshauß vnd Pfarr-Kirchen zum H. Creutz würdiglich verehrten, vnd in Blutrother Fleisch-Gestalt annoch sichtbarlichen Wunderbahrlichen vnnd Wunderthätigen H. Sacraments, Durch ein gantze Hochfeyrliche Octav von dem 10. May dises lauffenden 1699. Jahrs biß auff den 17. Inclusivè Mit möglichster kostbar- vnd Scheinbarkeit gehalten Von denen Regulierten Chor-Herren deß Ordens deß H. Augustini in hochgedachtem Gottshauß zum H. Creutz in Augspurg, Nunmehr Auff vilfältiges inständiges Ansuchen, zu andächtigem langwirigen Angedencken, vnd grösserer Ehr dises wunderbarlichen H. Sacraments außführlich beschriben, vnd mit sambt denen damahls vor ansehlichem vnd vngemein Volckreichen Auditorio von Hoch- vnd Wohl-Ehrwürdigen vnterschidlichen Standts- und Ordens-Predigeren Ruhmwürdigist abgelegten Zehen Lob- vnd Ehren-Predigen In Truck herauß gegeben. Permissu Superiorum 
260 |a Getruckt zu München :  |b bey Maria Magdalena Rauchin,  |c 1699 
300 |a [16], 327 s. ;  |c 4° 
500 |a Výzdoba: Vlysy a linky z typografických ozdob, iniciály, viněty, vnitřní titulní strany (deseti jednotlivých kázání od různých autorů) 
501 |a Přívazek k: Letste Ehre, Das ist: Leich= und Ehrn=Predigen ... Vierdter Theil ... / Eustachius Eisenhut 
510 4 |a Backer, A. - Sommervogel, C. Bibliotheque de la Compagnie de Jésus,  |c I, sl. 873 
510 4 |a Backer, A. - Sommervogel, C. Bibliotheque de la Compagnie de Jésus,  |c III, sl. 98 
510 4 |a DNB 
546 |a Německý text obsahuje latinské části 
655 7 |a staré tisky  |7 fd422076  |2 czenas 
700 1 |a Vesenmayr, Leonhard,  |d 17./18. stol.  |4 aut 
700 1 |a Schmid, Franz Anton,  |d činný 1682-1700  |7 mzk2009533003  |4 aut 
700 1 |a Dirrhaimer, Ulrich,  |d 1638-1715  |7 xx0091157  |4 aut 
700 1 |a Lautter, Ambrosius,  |d 17./18. stol.  |4 aut 
700 1 |a Ferler, Johann,  |d -1735  |7 ola2009531656  |4 aut 
700 1 |a Wernwag, Norbert,  |d 17./18. stol.  |4 aut 
700 1 |a Hieronymus a Sancto Elia,  |d 17./18. stol.  |4 aut 
700 1 |a Nattenhus, Moritz,  |d 17./18. stol.  |4 aut 
700 1 |a Imhof, August,  |d 1658-1737  |7 mzk2009532470  |4 aut 
903 |a RP 
910 |a BOA001  |b ZK-0000.708,4,přív. 
978 |b Rauch, Maria Magdalena  |a München  |c 1699 
984 |a Mnichov  |b Německo 
985 |a 1651-1700 
990 |a BK 
993 |a Y 
991 |k mzk 
994 |a UP  |l MZK03  |b 001044263  |m přívazek  |n záznam 1. díla (pro objednání pokračujte kliknutím)